Statistics for WORDS THAT START WITH "L"

Click here to take the quiz!

General Stats

  • This quiz has been taken 23 times
    (22 since last reset)
  • The average score is 10 of 12

Answer Stats

HINTAnswer% Correct
YOU ARE NOT TELLING THE TRUTH/ ____ING ON THE BEDLIE/LYE
100%
OPPOSITE OF WINLOOSE
100%
FOLLOW THE L_WLAW
95%
WE TIE OUR ____LACES
90%
A DRINK MADE FROM A CITRUS FRUITLEMONADE
90%
ITS VERY DARK TURN ON THE ____LIGHT
90%
A ____ OF BREADLOAF
90%
L____KYLUCKY
90%
THE CHAIR ____S PRETTY COOLLOOK
80%
IT IS A MAMMAL IN THE CAT FAMILY WITH 4 LETTERSLION
75%
^^^^(4TH QUESTIONS ANSWER WITH EN AT THE END)LIGHTEN
70%
ITS A BODY PART ABOVE THE LIVERLUNGS
65%

Score Distribution

Percentile by Number Answered

Percent of People with Each Score

Your Score History

You have not taken this quiz since the last reset